| 000 | 01204nam a2200325 i 4500 | ||
|---|---|---|---|
| 999 |
_c200442391 _d60603 |
||
| 001 | 200442391 | ||
| 003 | TR-AnTOB | ||
| 005 | 20240824073709.0 | ||
| 007 | ta | ||
| 008 | 210729s1969 fr d 000 0 ra d | ||
| 035 | _a(TR-AnTOB)200442391 | ||
| 040 |
_aTR-AnTOB _beng _erda _cTR-AnTOB |
||
| 041 | 0 |
_afre _heng |
|
| 050 | 0 | 0 |
_aHJ236 _b.H28 1969 |
| 090 |
_aTOBBK HJ236 _b.H28 1969 |
||
| 100 | 1 |
_aHansen, Bent, _d1920-2002 _eauthor _9131723 |
|
| 245 | 1 | 0 |
_aLa Politique budgétaire dans sept pays 1955-1965 : _bAllemagne, Belgique, États-Unis, France, Italie, Royaume-Uni, Suède / _cpar Bent Hansen ; assisté par Wayne W. Snyder. |
| 264 | 1 |
_aParis : _bOrganisation de coopération et de developpement économiques, _c[1969] |
|
| 300 |
_a613 pages : _btables ; _c26 cm |
||
| 336 |
_atext _btxt _2rdacontent |
||
| 337 |
_aunmediated _bn _2rdamedia |
||
| 338 |
_avolume _bnc _2rdacarrier |
||
| 650 | 0 |
_aFiscal policy _zEurope _9131725 |
|
| 650 | 0 |
_aFiscal policy _zUnited States _91492 |
|
| 700 | 1 |
_aSnyder, Wayne W. _eeditor _9131728 |
|
| 710 | 2 |
_aOrganisation for Economic Co-operation and Development _933753 |
|
| 942 |
_2z _cBK |
||